Sports Quiz

Random Sports or NCAA Quiz
Score 0/8 Timer 02:00
0 Plays Today
% Correct
North Carolina
87.9%
California
83.3%
Michigan
77.7%
Kentucky
77.4%
New York
55.9%
Ohio
51.6%
Pennsylvania
46.7%
Wisconsin
26.2%
Remove Ads.
Support Sporcle.
Get the best of Sporcle when you Go Orange. This ad-free experience offers more features, more stats, and more fun while also helping to support Sporcle. Thank you for becoming a member.

You're not logged in!

Compare scores with friends on all Sporcle quizzes.
OR
Log In

Show Comments

Extras

Top Quizzes Today


Score Distribution

Your Account Isn't Verified!

In order to create a playlist on Sporcle, you need to verify the email address you used during registration. Go to your Sporcle Settings to finish the process.

Report this User

Report this user for behavior that violates our Community Guidelines.

Details: